Real and Complex Analysis

Guardado en:
Detalles Bibliográficos
Autor principal: Rudin, Walter
Formato: Libro
Lenguaje:inglés
Publicado: New York MacGraw-Hill 1987
Edición:3. ed.
Materias:
Etiquetas: Agregar Etiqueta
Sin Etiquetas, Sea el primero en etiquetar este registro!

MARC

LEADER 00000nam a2200000 4500
001 c014371
005 20221221075247.8
020 |a 0-07-100276-6 
041 0 |a eng 
044 |a US 
245 1 0 |a Real and Complex Analysis  |c Walter Rudin 
250 |a 3. ed. 
264 1 |a New York  |b MacGraw-Hill  |c 1987 
300 |a 416 s. 
610 2 0 |a matematika aplikovaná 
610 2 0 |a analýza numerická 
100 1 |a Rudin, Walter